01530nam a2200373 i 450000100060000000300080000600500170001400600190003100700150005000800410006502000270010604000310013305000210016408000110018508200120019624501060020826400530031430000580036733600310042533700330045633800430048950400290053258801300056159001640069165000410085565000170089665000380091365500270095170000580097879700190103603500220105585600620107799900170113925488FlNmELB20241216215827.0m o u cr cn|||||||||190110s2017 mx a ob 000 0 spa d a9786079460761 (e-book) aFINmELBbspaerdacFINmELB14aT58.5bN234 2017 a005.9404a00422300aNarrativa digital :bexperiencias y propuestas /cVerónica del Carmen Quijada Monroy, coordinadora. 1aMéxico, D.F. :bEditorial Digital UNID,c2017. a1 recurso en línea (173 páginas) :bilustraciones atextobtxt2rdacontent/spa acomputadorabc2rdamedia/spa arecurso en líneabcr2rdacarrier/spa aContiene bibliografía. aDescripción basada en recurso en línea; Título de la página del título en PDF (elibro, visto el 10 de enero, 2019). aRecurso electrónico. Santa Fe, Arg.: e-libro, 2019. Disponible vía World Wide Web. El acceso puede estar limitado para las bibliotecas afiliadas a e-libro. 0aInformation technology in education. 4aEducación. 4aTecnología de la información. 4aLibros electrónicos.1 aQuijada Monroy, Verónica del Carmen,ecoordinadora.2 ae-libro, Corp. a(OCoLC)110587644340uhttps://elibro.net/ereader/politecnicointernacional/41185 c25488d25488